01233nam a2200229 a 450000100100000000500170001000800410002704000250006808200150009311101320010824502010024026000870044130000200052849000720054849000210062083000760064183000280071704900090074595201130075495201190086799900170098600002850620250924073802.0110408s1984 dr 000 0 spa d aDO-SdBNPbspacBNPHU axxxbC748d1 aConferencia dictada por el señor rector de la Universidad Autónoma de Santo Domingod(1984 dic. 18 :cSanto Domingo)95547710aConferencia dictada por el señor rector de la Universidad Autónoma de Santo Domingo, doctor Fernando Sánchez Martínez, en la ciudad de la Vega a profesionales, amigos egresados de la UASD. aLa Vega, República Dominicana :bUniversidad Autónoma de Santo Domingo,c1984. a19 p. ;c22 cm.1 aPublicaciones de la Universidad Autónoma de Santo Domingovv. 3581 aDiscursosvno. 8 aPublicaciones de la Universidad Autónoma de Santo Domingovv. 358952 0aDiscursosnno. 8955478 aBNPD 0010718PDaPDbPDcCTd2011-04-08iLF1l0oxxx C748dp28506-10r2020-06-25w2020-06-25yLFPDZNo se presta 0010718PDaPDbPDcCTd2011-04-08iLF1l0oxxx C748dp28506-20r2020-06-25te. 2w2020-06-25yLFPDZNo se presta c27998d27998